Γυναικείοι συνεταιρισμοί στη Λέσβο : σύγκριση με ιδιωτικές επώνυμες επιχειρήσεις, στο πλαίσιο μιας βιώσιμης τοπικής ανάπτυξης : μεταπτυχιακή διατριβή

Αποθηκεύτηκε σε:
Λεπτομέρειες βιβλιογραφικής εγγραφής
Κύριος συγγραφέας: Μυρογιάννη, Ανδρομάχη
Συγγραφή απο Οργανισμό/Αρχή: Πανεπιστήμιο Αιγαίου Σχολή Κοινωνικών Επιστημών Τμήμα Κοινωνιολογίας Μεταπτυχιακό Πρόγραμμα Σπουδών Έρευνα Εφαρμοσμένη στην Ανάπτυξη Καινοτόμων Τοπικών και Περιφερειακών Πολιτικών και την Κοινωνική Συνοχή
Άλλοι συγγραφείς: Τσομπάνογλου, Γεώργιος Οδ (dgs [Επιβλέπων καθηγητής])
Μορφή: Thesis Βιβλίο
Γλώσσα:Greek
Δημοσίευση: 2006.
Θέματα:
Διαθέσιμο Online:http://hdl.handle.net/11610/11885
Ετικέτες: Προσθήκη ετικέτας
Δεν υπάρχουν, Καταχωρήστε ετικέτα πρώτοι!

MARC

LEADER 00000cam a2200000 i 4500
001 1/40996
008 070213s2006 gre d
035 |l 10086968 
040 |a GR-MY-UA  |b gre  |e aacr 
041 0 |a gre 
082 0 |a 338.9  |2 (22) 
100 1 |a Μυρογιάννη, Ανδρομάχη. 
245 1 0 |a Γυναικείοι συνεταιρισμοί στη Λέσβο :   |b σύγκριση με ιδιωτικές επώνυμες επιχειρήσεις, στο πλαίσιο μιας βιώσιμης τοπικής ανάπτυξης : μεταπτυχιακή διατριβή /   |c Ανδρομάχη Μυρογιάννη ; υπεύθυνος καθηγητής Γεώργιος Οδυσσέας Τσομπάνογλου.  
260 |c 2006.  
300 |a 344 σ. ;   |c 30 εκ.  
502 |a Διατριβή (μεταπτυχιακή) - Πανεπιστήμιο Αιγαίου, Λέσβος, 2006.  
504 |a Βιβλιογραφία: σ. 330-344.  
650 0 0 |a Women  |x Employment  |z Greece  |z Lesbos (Municipality) 
650 0 0 |a Women in cooperative societies  |z Greece  |z Lesbos (Municipality) 
650 0 0 |a Business enterprises  |z Greece  |z Lesbos (Municipality) 
650 0 0 |a Women in development. 
650 0 0 |a Dissertations, Academic  |z Greece. 
700 1 |a Τσομπάνογλου, Γεώργιος Οδ.  |e dgs [Επιβλέπων καθηγητής] 
710 2 |a Πανεπιστήμιο Αιγαίου  |b Σχολή Κοινωνικών Επιστημών  |b Τμήμα Κοινωνιολογίας  |b Μεταπτυχιακό Πρόγραμμα Σπουδών Έρευνα Εφαρμοσμένη στην Ανάπτυξη Καινοτόμων Τοπικών και Περιφερειακών Πολιτικών και την Κοινωνική Συνοχή. 
852 |a INST  |b LESVOS  |c DIATR  |e 20070213  |h 25  |p 005100036543  |q 005100036543  |t MTXE  |y 23 
852 |a INST  |b LESVOS  |c DIATR  |e 20070213  |h 26  |p 005100036542  |q 005100036542  |t MTXE  |y 23 
856 |u http://hdl.handle.net/11610/11885 
901 |a BIBL1-2007-1 
909 |a Λ  |b 130567 
909 |a Λ  |b 130568 
924 |a ΜΥΡΟΓΙΑΝΝΗ  |b ΑΝΔΡΟΜΑΧΗ  |y ΛΕΣΒΟΣ  |z 2006-11 
970 |a ΒΑΡΚΑ  |b ΕΛΕΥΘΕΡΙΑ  |z 2007/02/13